000 00696nam a2200217 a 4500
999 _c4475
_d4475
001 4475
003 BD-JhCC
005 20181118134015.0
008 171127s2002 ii |||| ||a| 00| 0 eng d
035 _a(BD-JhCC)4475
040 _aBD-JhCC
_dBD-JhCC
041 _aben
082 _a182.9
_bHUM 2002
100 _aহিউম, বেকন
245 _aপাশ্চাত্ত্য দর্শনের সংক্ষিপ্ত ইতিহাস /
_cবেকন হিউম
260 _aকোলকাতা :
_bব্যানার্জী পাবলিশার্স,
_c2002.
300 _a310 p. :
_c22 cm.
650 _aPhlosopy
942 _2ddc
_cBK
_01